000 00959nam0a22003011 4500
001 rc\2153331
005 20110826154347.8
035 _a(NLR Aleph) 006529150
090 _a6514308
_c6514308
100 _a20110826d1979 |||y0rusy50 ca
101 0 _arus
102 _aRU
105 _aa z |||||
200 1 _aТекстурированные нити
210 _aМосква
_cЛег. индустрия
_d1979
215 _a232 с.
_cил.
_d22
320 _aБиблиогр.: с. 228-230 (83 назв.)
606 _aНить (текстильная ) объемная
_2psbo
686 _aМ372,07
_2rubbk
700 1 _aСмирнов
_bЛ. С.
_gЛеонид Степанович
701 1 _aШавлюк
_bВ. Н.
_gВалентина Николаевна
801 0 _aRU
_bNLR
_gpsbo
801 1 _aRU
_bELAR
_2rusmarc
852 _aNLR
_j79-5/2086
899 _aRuMoRGB
_jB 79-5/179
899 _aRuMoRGB
_jB 79-5/375
942 _cBOOK
980 _aNB